Finite mathematics with computer-supported applications / (Record no. 179758)
[ view plain ]
| 000 -LEADER | |
|---|---|
| fixed length control field | 01065 a2200217 4500 |
| 003 - CONTROL NUMBER IDENTIFIER | |
| control field | NUST |
| 005 - DATE AND TIME OF LATEST TRANSACTION | |
| control field | 20221031130924.0 |
| 010 ## - LIBRARY OF CONGRESS CONTROL NUMBER | |
| LC control number | 93004626 |
| 020 ## - INTERNATIONAL STANDARD BOOK NUMBER | |
| International Standard Book Number | 0070096694 (acid-free paper) |
| 040 ## - CATALOGING SOURCE | |
| Transcribing agency | Nust |
| 082 00 - DEWEY DECIMAL CLASSIFICATION NUMBER | |
| Classification number | 510,CAL |
| 100 1# - MAIN ENTRY--PERSONAL NAME | |
| Personal name | Calvert, James |
| 9 (RLIN) | 101981 |
| 245 10 - TITLE STATEMENT | |
| Title | Finite mathematics with computer-supported applications / |
| Statement of responsibility, etc. | James Calvert, William Voxman. |
| 250 ## - EDITION STATEMENT | |
| Edition statement | International ed. |
| 260 ## - PUBLICATION, DISTRIBUTION, ETC. | |
| Place of publication, distribution, etc. | New York : |
| Name of publisher, distributor, etc. | McGraw-Hill, |
| Date of publication, distribution, etc. | c1994. |
| 300 ## - PHYSICAL DESCRIPTION | |
| Extent | x, 442 p. : |
| Other physical details | ill. (some col.) ; |
| Dimensions | 25 cm. |
| 505 ## - FORMATTED CONTENTS NOTE | |
| Formatted contents note | Sets and Liner Equations (Page-1), Matrices (Page-12), Systems of Linear Equations (Page-35), Matrix Inverses and LU factors (Page-69), Introductory Linear Programming (Page-96), Intermediate Linear Programming (Page-130), Advanced Linear Programming (Page-171), Counting (Page-211), Probability (Page-236), Statistics (Page 299), Mathematics of Finance (Page-343), Introduction to Logic (Page-371), Appendix Using CALIPSO (Page-390). |
| 650 #0 - SUBJECT ADDED ENTRY--TOPICAL TERM | |
| Topical term or geographic name entry element | Mathematics. |
| 700 1# - ADDED ENTRY--PERSONAL NAME | |
| Personal name | Voxman, William L. |
| 9 (RLIN) | 101982 |
| 942 ## - ADDED ENTRY ELEMENTS (KOHA) | |
| Source of classification or shelving scheme | |
| Koha item type | Book |
| Call number prefix | 510,CAL |
| Withdrawn status | Lost status | Source of classification or shelving scheme | Damaged status | Not for loan | Permanent Location | Current Location | Shelving location | Date acquired | Full call number | Barcode | Date last seen | Price effective from | Koha item type | Public note |
|---|---|---|---|---|---|---|---|---|---|---|---|---|---|---|
| Military College of Signals (MCS) | Military College of Signals (MCS) | General Stacks | 12/12/2016 | 510,CAL | MCS1890 | 12/08/2016 | 12/12/2016 | Book Bank | Almirah No. A/135, Shelf No.4 |
